000 00526nam a2200181 i 4500
001 139468
003 ES-MaACL
005 20230906195819.0
007 t|
008 070214s1962 sp af |||| | spa d
080 _a914.651
100 1 _aSatrústegui, José María.
_9103946
245 1 3 _aLa puerta de España en el Camino de Santiago /
_cJosé María Satrústegui.
260 _aPamplona :
_bGómez,
_c1962.
300 _a64 p., 2 lám. ;
_c21 cm.
651 4 _aCamino de Santiago.
_97929
852 _aES-MaACL
_jC-25414
999 _c139468
_d139468